[Event "Province VR 80th"]
[Site "Zevio Verona"]
[Date "2020.01.26"]
[Round "4.14"]
[White "Pisani, Valerio"]
[Black "Prealta, Fiorenzo"]
[Result "1-0"]
[WhiteElo "1632"]
[BlackElo "1139"]
[PlyCount "69"]
[EventDate "2020.01.24"]
[EventType "swiss"]
[EventRounds "5"]
[EventCountry "ITA"]
[SourceTitle "EXT 2024"]
[Source "ChessBase"]
[SourceDate "2023.10.10"]
[SourceVersion "1"]
[SourceVersionDate "2023.10.10"]
[SourceQuality "1"]

1. e4 b6 2. d4 Bb7 3. Bd3 e6 4. Nf3 d6 5. Nc3 a6 6. 0-0 Ne7 7. Bg5 f6 8. Bf4 Nd7 9. Re1 b5 10. e5 dxe5 11. dxe5 f5 12. Qe2 h6 13. Rad1 g5 14. Nd4 Kf7 15. Qh5+ Ng6 16. Nxe6 Qe7 17. Bxf5 Rg8 18. Rxd7 Qxd7 19. Nxg5+ hxg5 20. Bxd7 gxf4 21. Qf5+ Kg7 22. Qf7+ Kh6 23. e6 Bg7 24. Qf5 Ne7 25. Qxf4+ Kh7 26. Qh4+ Bh6 27. g3 Rg7 28. Ne4 Ng8 29. e7 Nxe7 30. Nf6+ Kg6 31. Be8+ Rxe8 32. Nxe8 Rf7 33. Rxe7 Bg5 34. Re6+ Kf5 35. Qh3# 1-0

[Event "Chioggia op-B 14th"]
[Site "Chioggia"]
[Date "2019.10.06"]
[Round "5"]
[White "Scarpa, Claudia"]
[Black "Pisani, Valerio"]
[Result "1-0"]
[WhiteElo "1762"]
[BlackElo "1687"]
[PlyCount "75"]
[EventDate "2019.10.04"]
[EventType "swiss"]
[EventRounds "5"]
[EventCountry "ITA"]
[SourceTitle "EXT 2022"]
[Source "ChessBase"]
[SourceDate "2021.10.06"]
[SourceVersion "1"]
[SourceVersionDate "2021.10.06"]
[SourceQuality "1"]

1. e4 e5 2. Nf3 Nc6 3. d4 exd4 4. Bc4 Nf6 5. 0-0 d6 6. Nxd4 Bd7 7. Nc3 Be7 8. Be3 Ne5 9. Bb3 c5 10. Ndb5 Bc6 11. Bg5 a6 12. Bxf6 gxf6 13. Na3 b5 14. f4 Ng6 15. Bd5 Qc7 16. Bxc6+ Qxc6 17. Nd5 c4 18. c3 h5 19. Qd4 Qc5 20. Qxc5 dxc5 21. Nc7+ Kd7 22. Nxa8 Rxa8 23. Nc2 Bd6 24. Rad1 Kc6 25. g3 Re8 26. Rfe1 h4 27. Kf2 hxg3+ 28. hxg3 Bc7 29. Kf3 a5 30. Ne3 Ne7 31. Nd5 Nxd5 32. exd5+ Kd7 33. Rxe8 Kxe8 34. d6 Bb6 35. Ke4 Kd7 36. Kd5 f5 37. Rh1 b4 38. Rh7 1-0

[Event "Verona op-B"]
[Site "Verona"]
[Date "2019.01.02"]
[Round "1"]
[White "Pisani, Valerio"]
[Black "Ghiotto, Marco Luigi"]
[Result "0-1"]
[WhiteElo "1713"]
[BlackElo "1843"]
[PlyCount "64"]
[EventDate "2019.01.02"]
[EventType "swiss"]
[EventRounds "7"]
[EventCountry "ITA"]
[SourceTitle "CBM 188 Extra"]
[Source "ChessBase"]
[SourceDate "2019.02.26"]
[SourceVersion "1"]
[SourceVersionDate "2019.02.26"]
[SourceQuality "1"]

1. d4 e6 2. c4 Nf6 3. Nc3 Bb4 4. e3 c5 5. Nf3 Bxc3+ 6. bxc3 d6 7. Bd3 Nc6 8. 0-0 0-0 9. e4 e5 10. d5 Ne7 11. h3 h6 12. Be3 b6 13. Nh2 Ng6 14. f4 exf4 15. Bxf4 Nxf4 16. Rxf4 Qe7 17. Qf3 Nd7 18. Qe3 Ne5 19. Qe2 Qg5 20. Raf1 Bxh3 21. Kh1 Nxd3 22. R4f3 Qxg2+ 23. Qxg2 Bxg2+ 24. Kxg2 Ne5 25. Rg3 Rae8 26. Rf6 Nxc4 27. Rxh6 Rxe4 28. Ng4 Rxg4 29. Rxg4 Ne3+ 30. Kf3 Nxg4 31. Rxd6 Nf6 32. Kf4 Re8 0-1

[Event "Chioggia op-B 12th"]
[Site "Chioggia"]
[Date "2017.10.08"]
[Round "4"]
[White "Pisani, Valerio"]
[Black "Morganti, Lionello"]
[Result "1-0"]
[WhiteElo "1663"]
[BlackElo "1635"]
[PlyCount "49"]
[EventDate "2017.10.06"]
[EventType "swiss"]
[EventRounds "5"]
[EventCountry "ITA"]
[SourceTitle "EXT 2022"]
[Source "ChessBase"]
[SourceDate "2021.10.06"]
[SourceVersion "1"]
[SourceVersionDate "2021.10.06"]
[SourceQuality "1"]

1. e4 g6 2. d4 Bg7 3. Nf3 d6 4. Nc3 Nf6 5. h3 0-0 6. Be3 c6 7. Bd3 Nbd7 8. 0-0 e5 9. Qd2 Qc7 10. Rab1 a6 11. b4 b5 12. a4 Bb7 13. a5 Rac8 14. dxe5 Nxe5 15. Nxe5 dxe5 16. Bb6 Qb8 17. Be2 Rfe8 18. Rfd1 Re7 19. Qd6 Qxd6 20. Rxd6 Nd7 21. Rbd1 Nxb6 22. axb6 f5 23. Rd7 Kf7 24. exf5 gxf5 25. Bh5+ 1-0

[Event "Chioggia op-B 12th"]
[Site "Chioggia"]
[Date "2017.10.07"]
[Round "3"]
[White "Spinella, Rocio"]
[Black "Pisani, Valerio"]
[Result "1/2-1/2"]
[WhiteElo "1392"]
[BlackElo "1663"]
[PlyCount "117"]
[EventDate "2017.10.06"]
[EventType "swiss"]
[EventRounds "5"]
[EventCountry "ITA"]
[SourceTitle "EXT 2022"]
[Source "ChessBase"]
[SourceDate "2021.10.06"]
[SourceVersion "1"]
[SourceVersionDate "2021.10.06"]
[SourceQuality "1"]

1. e4 g6 2. d4 Bg7 3. Nf3 d6 4. c4 Nf6 5. Nc3 0-0 6. Be2 Nc6 7. 0-0 e5 8. d5 Ne7 9. h3 h6 10. Be3 b6 11. Qd2 g5 12. Nh2 Ng6 13. h4 Nxh4 14. g3 Ng6 15. f4 gxf4 16. gxf4 exf4 17. Bxf4 Nxf4 18. Qxf4 Qe7 19. Rae1 a6 20. a4 Qe5 21. Qxe5 dxe5 22. b4 Bd7 23. a5 bxa5 24. bxa5 Rab8 25. Rb1 Bh3 26. Rfe1 Nd7 27. Bg4 Bxg4 28. Nxg4 Rxb1 29. Rxb1 Rb8 30. Rxb8+ Nxb8 31. c5 h5 32. Ne3 Bf8 33. Na4 Nd7 34. c6 Nc5 35. Nc3 Be7 36. Nc4 f6 37. d6 Bd8 38. dxc7 Bxc7 39. Nd5 Ne6 40. Nxf6+ Kf7 41. Nxh5 Nd4 42. Kf1 Nxc6 43. Ke1 Nxa5 44. Nxa5 Bxa5+ 45. Kd1 Bc3 46. Kc2 Bd4 47. Ng3 Kg6 48. Ne2 Bb6 49. Nc3 Kg5 50. Kd3 a5 51. Kc4 Kg4 52. Nd5 Bd8 53. Nc3 Kf3 54. Kd5 Bc7 55. Na4 Ke3 56. Nc5 Kd2 57. Nb3+ Kc3 58. Nxa5 Bxa5 59. Kxe5 1/2-1/2

[Event "Mogliano Veneto op-B 38th"]
[Site "Mogliano Veneto"]
[Date "2017.04.30"]
[Round "2.23"]
[White "Pisani, Valerio"]
[Black "Fiscato, Claudio"]
[Result "1-0"]
[WhiteElo "1711"]
[BlackElo "1649"]
[PlyCount "49"]
[EventDate "2017.04.29"]
[EventType "swiss"]
[EventRounds "5"]
[EventCountry "ITA"]
[SourceTitle "EXT 2023"]
[Source "ChessBase"]
[SourceDate "2022.10.05"]
[SourceVersion "1"]
[SourceVersionDate "2022.10.05"]
[SourceQuality "1"]

1. e4 c5 2. Nf3 e6 3. d4 cxd4 4. Nxd4 Nc6 5. Nc3 a6 6. Be3 Qc7 7. Be2 Nf6 8. 0-0 Bb4 9. f3 0-0 10. Kh1 Bxc3 11. bxc3 d5 12. Bg5 Ne8 13. Nxc6 bxc6 14. Qd4 c5 15. Qe3 f6 16. Bh4 c4 17. Bg3 Qf7 18. Rab1 Nc7 19. Rb2 e5 20. Rfb1 Be6 21. Rb7 Rfc8 22. Qb6 dxe4 23. fxe4 h6 24. Bf2 Qe8 25. Rxc7 1-0

[Event "Crema op-B 17th"]
[Site "Crema"]
[Date "2016.09.04"]
[Round "5"]
[White "Bonoldi, Fabio"]
[Black "Pisani, Valerio"]
[Result "0-1"]
[WhiteElo "1838"]
[BlackElo "1710"]
[PlyCount "62"]
[EventDate "2016.09.02"]
[EventType "swiss"]
[EventRounds "6"]
[EventCountry "ITA"]
[SourceTitle "EXT 2018"]
[Source "ChessBase"]
[SourceDate "2017.10.13"]
[SourceVersion "1"]
[SourceVersionDate "2017.10.13"]
[SourceQuality "1"]

1. c4 e5 2. g3 Nf6 3. Bg2 Bc5 4. Nc3 d6 5. e3 Nc6 6. Nge2 Bg4 7. 0-0 Qd7 8. a3 a5 9. b3 0-0 10. Bb2 Rfe8 11. d3 Bh3 12. Qd2 Bxg2 13. Kxg2 d5 14. cxd5 Nxd5 15. Ne4 Bb6 16. Rfd1 Rad8 17. Rac1 Qe7 18. N2c3 Qe6 19. Na4 f5 20. Nec5 Qg6 21. Qe2 f4 22. e4 f3+ 23. Qxf3 Rf8 24. Qxf8+ Rxf8 25. exd5 Nd4 26. Nxb6 cxb6 27. Bxd4 exd4 28. Ne6 Re8 29. Rc7 Qh5 30. Nxg7 Qxd5+ 31. Kg1 Re2 0-1

[Event "Verona Province-ch"]
[Site "Zevio Verona"]
[Date "2014.01.19"]
[Round "3"]
[White "Pisani, Valerio"]
[Black "Leone, Cataldo"]
[Result "1-0"]
[WhiteElo "1725"]
[BlackElo "1619"]
[PlyCount "37"]
[EventDate "2014.01.18"]
[EventType "swiss"]
[EventRounds "6"]
[EventCountry "ITA"]
[SourceTitle "EXT 2015"]
[Source "ChessBase"]
[SourceDate "2014.11.20"]
[SourceVersion "1"]
[SourceVersionDate "2014.11.20"]
[SourceQuality "1"]

1. e4 e5 2. Nf3 Nc6 3. Bb5 d6 4. Bxc6+ bxc6 5. h3 Ba6 6. d3 Nf6 7. Nc3 Be7 8. 0-0 h6 9. Ne2 0-0 10. Ng3 Bc8 11. Be3 Be6 12. Qe2 Nd7 13. d4 Nb6 14. b3 f6 15. Rad1 Qc8 16. Kh2 a5 17. Nh4 a4 18. Ngf5 Qe8 19. Qg4 1-0

[Event "Crema op 15th"]
[Site "Crema"]
[Date "2013.08.31"]
[Round "3"]
[White "Pisani, Valerio"]
[Black "Sartorio, Diego"]
[Result "1-0"]
[WhiteElo "1706"]
[BlackElo "1896"]
[PlyCount "60"]
[EventDate "2013.08.30"]
[EventType "swiss"]
[EventRounds "6"]
[EventCountry "ITA"]
[SourceTitle "EXT 2015"]
[Source "ChessBase"]
[SourceDate "2014.11.20"]
[SourceVersion "1"]
[SourceVersionDate "2014.11.20"]
[SourceQuality "1"]

1. e4 e6 2. g3 d5 3. Bg2 dxe4 4. Bxe4 Nf6 5. Bg2 Bc5 6. Nf3 Nc6 7. 0-0 0-0 8. d3 h6 9. h3 Re8 10. Be3 Bxe3 11. fxe3 Qd6 12. Qe1 Rb8 13. g4 Qc5 14. c3 b6 15. d4 Qe7 16. g5 hxg5 17. Nxg5 Na5 18. Nd2 Bb7 19. Qh4 Bxg2 20. Kxg2 c5 21. Rf2 Qb7+ 22. Kg1 Kf8 23. Qh8+ Ke7 24. Qxg7 Nd7 25. Qxf7+ Kd6 26. dxc5+ Nxc5 27. b4 Nd3 28. Nde4+ Kc6 29. Rd2 Qxf7 30. Nxf7 Ne5 1-0

[Event "Crema op 15th"]
[Site "Crema"]
[Date "2013.08.30"]
[Round "2"]
[White "Giassi, Roberto"]
[Black "Pisani, Valerio"]
[Result "0-1"]
[WhiteElo "1470"]
[BlackElo "1706"]
[PlyCount "52"]
[EventDate "2013.08.30"]
[EventType "swiss"]
[EventRounds "6"]
[EventCountry "ITA"]
[SourceTitle "EXT 2015"]
[Source "ChessBase"]
[SourceDate "2014.11.20"]
[SourceVersion "1"]
[SourceVersionDate "2014.11.20"]
[SourceQuality "1"]

1. e4 e6 2. d4 d5 3. e5 c5 4. Nf3 Nc6 5. Be2 cxd4 6. Nxd4 Nxe5 7. f4 Nc6 8. 0-0 Bc5 9. c3 Qb6 10. Be3 Qxb2 11. Nd2 Qxc3 12. Rc1 Qxe3+ 13. Kh1 Qxd4 14. Qc2 Bd6 15. Nf3 Qxf4 16. Bb5 Bd7 17. Qb2 Nf6 18. Rfe1 0-0-0 19. Bxc6 Bxc6 20. Ne5 Bxe5 21. Qxe5 Qxe5 22. Rxe5 d4 23. h3 d3 24. Rd1 g5 25. Ra5 a6 26. Ra3 g4 0-1